• AIU
  • Tony Wilmot Memorial Library

Light for the nations : (Record no. 7788)

MARC details
000 -LEADER
fixed length control field 00564nam a22002051a 4500
003 - CONTROL NUMBER IDENTIFIER
control field NEGST
005 - DATE AND TIME OF LATEST TRANSACTION
control field 20151210020002.0
008 - FIXED-LENGTH DATA ELEMENTS--GENERAL INFORMATION
fixed length control field 030712s1993 001 0 eng d
020 ## - INTERNATIONAL STANDARD BOOK NUMBER
International Standard Book Number 9810051956
100 1# - MAIN ENTRY--PERSONAL NAME
Personal name Bowie, Richard W.
245 10 - TITLE STATEMENT
Title Light for the nations :
Remainder of title a biblical theology of evangelization /
Statement of responsibility, etc by Richard W. Bowie.
Medium [Text]
250 ## - EDITION STATEMENT
Edition statement 2nd.
260 ## - PUBLICATION, DISTRIBUTION, ETC. (IMPRINT)
Place of publication, distribution, etc Tanglin
Name of publisher, distributor, etc HCLS
Date of publication, distribution, etc 1993
300 ## - PHYSICAL DESCRIPTION
Extent Xii, 118p.
500 ## - GENERAL NOTE
General note Includes bibliography.
590 ## - LOCAL NOTE (RLIN)
Local note Accession number: 24101
650 #0 - SUBJECT ADDED ENTRY--TOPICAL TERM
Topical term or geographic name as entry element Evangelization.
942 00 - ADDED ENTRY ELEMENTS (KOHA)
Koha issues (borrowed), all copies 2
Holdings
Withdrawn status Lost status Source of classification or shelving scheme Damaged status Not for loan Collection code Home library Current library Shelving location Date acquired Source of acquisition Cost, normal purchase price Total Checkouts Total Renewals Full call number Barcode Date last seen Date checked out Copy number Price effective from Koha item type
    Library of Congress Classification     General Circulation AIU/NEGST - Tony Wilmot Memorial Library AIU/NEGST - Tony Wilmot Memorial Library General Stacks 09/07/2009 Donation - Haggai Institute 15.00 3 1 BT 380.2.B69 1992 R01597J3232 09/26/2019 07/21/2018 1 09/07/2009 Books